000 00858nam a22002297a 4500
999 _c3050
_d3050
003 AR-CdUCM
008 190305b ||||| |||| 00| 0 spa d
040 _aMUNICIPALIDAD PROVINCIAL DEL CUSCO
_cBIBLIOTECA MUNICIPAL DEL CUSCO
082 _a985.009 /
_bSI55
100 _aSilva Santisteban, Ricardo
_91706
245 _aJosé María Eguren /
260 _aLima :
_bVisión Peruana,
_bMonterrico,
_c1987.
300 _a63 páginas ;
_bilustraciones,
_c21 cm.
440 _aLos que hicieron el Perú, Biblioteca visión peruana.
_n36
_910365
500 _aEsta publicación es un aporte de la revista Visión Peruana" - Cubierta posterior.
505 _aContenido: Trayectoria vital --El universo poético -- El poeta de la prosa.
650 _aBiografía
_922
650 _aHistoria
_9136
650 _aPoesía
_9139
942 _2ddc
_cLIBROS
945 _aachl